International wettbewerbsfahigkeit bei unterschiedlichen sozialordnungen - USA, Japan, bundesrepublik deutschland

Salvato in:
Dettagli Bibliografici
Natura: Libro
Lingua:Undetermined
Pubblicazione: Baden-Baden Nomos Verlagsgesellschaft 1982
Soggetti:
Tags: Aggiungi Tag
Nessun Tag, puoi essere il primo ad aggiungerne! !
Thư viện lưu trữ: Trung tâm Học liệu Trường Đại học Cần Thơ
LEADER 00476nam a2200145Ia 4500
001 CTU_79368
008 210402s9999 xx 000 0 und d
082 |a 382 
082 |b I.61 
245 0 |a International wettbewerbsfahigkeit bei unterschiedlichen sozialordnungen - USA, Japan, bundesrepublik deutschland 
260 |a Baden-Baden 
260 |b Nomos Verlagsgesellschaft 
260 |c 1982 
650 |a Foreign trade 
980 |a Trung tâm Học liệu Trường Đại học Cần Thơ